000 00558nam a2200181 i 4500
001 58465
003 ES-MaACL
005 20230906163820.0
007 t|
008 031022s1967 sp ||||1| spa d
100 1 _aDuyzings, Martin W.
_946397
245 1 3 _aLa mafia
_b: poder y secretos de la "Mano Negra" /
_cMartin W. Duyzings ; [traducido por Victor Scholz].
250 _a[1ª ed.].
260 _a[Barcelona] :
_bArgos,
_c[1967]
300 _a351 p., 8 lám. ;
_c22 cm.
700 1 _aScholz, Víctor.
_9104643
852 _aES-MaACL
_jC-14111
_bR.70632
999 _c58465
_d58465